LEADER 03588nam 2200817Ia 450 001 9910452107503321 005 20200520144314.0 010 $a0-8147-7648-5 010 $a0-8147-7749-X 010 $a1-4356-0740-6 035 $a(CKB)1000000000479509 035 $a(EBL)866205 035 $a(OCoLC)780425962 035 $a(SSID)ssj0000214875 035 $a(PQKBManifestationID)11912228 035 $a(PQKBTitleCode)TC0000214875 035 $a(PQKBWorkID)10167260 035 $a(PQKB)11499059 035 $a(MiAaPQ)EBC866205 035 $a(OCoLC)181536256 035 $a(MdBmJHUP)muse10397 035 $a(Au-PeEL)EBL866205 035 $a(CaPaEBR)ebr10189767 035 $a(EXLCZ)991000000000479509 100 $a20070104d2007 uy 0 101 0 $aeng 135 $aur|n|---||||| 181 $ctxt 182 $cc 183 $acr 200 10$aOnce you go Black$b[electronic resource] $echoice, desire, and the Black American intellectual /$fRobert Reid-Pharr 210 $aNew York $cNew York University Press$dc2007 215 $a1 online resource (192 p.) 225 1 $aSexual cultures 300 $aDescription based upon print version of record. 311 $a0-8147-7584-5 311 $a0-8147-7583-7 320 $aIncludes bibliographical references (p. 175-180) and index. 327 $aContents; Acknowledgments; Introduction: The Existential Negro; Going Black; 1 The Funny Father's Luck; 2 Ralph Ellison's Blues; 3 Alas Poor Jimmy; Coming Back?; 4 Saint Huey; 5 Queer Sweetback; Conclusion: Deviant Desiring; Notes; Index; About the Author 330 $a2007 Lambda Literary Award Finalist, LGBT Studies. Richard Wright. Ralph Ellison. James Baldwin. Literary and cultural critic Robert Reid-Pharr asserts that these and other post-World War II intellectuals announced the very themes of race, gender, and sexuality with which so many contemporary critics are now engaged. While at its most elemental Once You Go Black is an homage to these thinkers, it is at the same time a reconsideration of black Americans as agents, and not simply products, of history. Reid-Pharr contends that our current notions of black American identity are not inevitable, nor 410 0$aSexual cultures. 606 $aAfrican Americans$xIntellectual life$y20th century 606 $aAfrican American intellectuals$vBiography 606 $aAfrican Americans$xRace identity 606 $aMasculinity$zUnited States$xHistory$y20th century 606 $aRacism$zUnited States$xHistory$y20th century 606 $aAfrican Americans$xSexual behavior$xHistory$y20th century 606 $aAmerican literature$xAfrican American authors$xHistory and criticism 606 $aRacism in literature 606 $aSex role in literature 606 $aSex in literature 608 $aElectronic books. 615 0$aAfrican Americans$xIntellectual life 615 0$aAfrican American intellectuals 615 0$aAfrican Americans$xRace identity. 615 0$aMasculinity$xHistory 615 0$aRacism$xHistory 615 0$aAfrican Americans$xSexual behavior$xHistory 615 0$aAmerican literature$xAfrican American authors$xHistory and criticism. 615 0$aRacism in literature. 615 0$aSex role in literature. 615 0$aSex in literature. 676 $a305.896/07300904 700 $aReid-Pharr$b Robert$f1965-$0917678 801 0$bMiAaPQ 801 1$bMiAaPQ 801 2$bMiAaPQ 906 $aBOOK 912 $a9910452107503321 996 $aOnce you go Black$92491096 997 $aUNINA LEADER 02901nam 2200721 a 450 001 9910825787603321 005 20200520144314.0 010 $a9786612123283 010 $a9781282123281 010 $a1282123289 010 $a9780470741191 010 $a0470741198 010 $a9780470741177 010 $a0470741171 035 $a(CKB)1000000000719712 035 $a(EBL)427960 035 $a(SSID)ssj0000353872 035 $a(PQKBManifestationID)11258809 035 $a(PQKBTitleCode)TC0000353872 035 $a(PQKBWorkID)10290304 035 $a(PQKB)10294927 035 $a(Au-PeEL)EBL427960 035 $a(CaPaEBR)ebr10298056 035 $a(CaONFJC)MIL212328 035 $a(OCoLC)352829730 035 $a(MiAaPQ)EBC427960 035 $a(Perlego)2751844 035 $a(EXLCZ)991000000000719712 100 $a20080902d2009 uy 0 101 0 $aeng 135 $aur|n|---||||| 181 $ctxt 182 $cc 183 $acr 200 00$aAutomation in proteomics and genomics $ean engineering case-based approach /$f[edited by] Gil Alterovitz, Roseann Benson, Marco Ramoni 205 $a1st ed. 210 $aChichester, West Sussex, U.K. ;$aHoboken, N.J. $cJohn Wiley$d2009 215 $a1 online resource (341 p.) 300 $aDescription based upon print version of record. 311 08$a9780470727232 311 08$a0470727233 320 $aIncludes bibliographical references and index. 327 $asection 1. Fundamentals of molecular and cellular biology -- section 2. Analysis via automation -- section 3. Design via automation -- section 4. Integration. 330 $aIn the last decade DNA sequencing costs have decreased over a magnitude, largely because of increasing throughput by incremental advances in tools, technologies and process improvements. Further cost reductions in this and in related proteomics technologies are expected as a result of the development of new high-throughput techniques and the computational machinery needed to analyze data generated. Automation in Proteomics & Genomics: An Engineering Case-Based Approach describes the automation technology currently in the areas of analysis, design, and integration, as well as providing 606 $aProteomics$xAutomation 606 $aGenomics$xAutomation 606 $aProteomics$xData processing 606 $aGenomics$xData processing 615 0$aProteomics$xAutomation. 615 0$aGenomics$xAutomation. 615 0$aProteomics$xData processing. 615 0$aGenomics$xData processing. 676 $a572/.6 701 $aAlterovitz$b Gil$0891523 701 $aBenson$b Roseann$01630181 701 $aRamoni$b Marco F$0891524 801 0$bMiAaPQ 801 1$bMiAaPQ 801 2$bMiAaPQ 906 $aBOOK 912 $a9910825787603321 996 $aAutomation in proteomics and genomics$93968341 997 $aUNINA